[Event "Belgrade Vucicevic Memorial"]
[Site "Belgrade"]
[Date "2022.11.11"]
[Round "9"]
[White "Nestorovic, Dejan"]
[Black "Predke, Alexandr"]
[Result "0-1"]
[WhiteElo "2313"]
[BlackElo "2684"]
[PlyCount "46"]
[EventDate "2022.11.11"]
[EventType "swiss (blitz)"]
[EventRounds "13"]
[EventCountry "SRB"]
[SourceTitle "EXT 2024"]
[Source "ChessBase"]
[SourceDate "2023.10.10"]
[SourceVersion "1"]
[SourceVersionDate "2023.10.10"]
[SourceQuality "1"]

1. d4 Nf6 2. c4 e6 3. Nf3 d5 4. Nc3 Bb4 5. cxd5 exd5 6. Bg5 0-0 7. e3 c5 8. Rc1 Nbd7 9. dxc5 h6 10. Bh4 Qa5 11. Bd3 Qxa2 12. 0-0 Bxc3 13. Rxc3 Qxb2 14. Rb3 Qa2 15. Bb1 Qa4 16. Qc2 Ne4 17. Nd4 Ndxc5 18. Be7 Nxb3 19. Bxf8 Bd7 20. Be7 Nxd4 21. exd4 Qxc2 22. Bxc2 Rc8 23. Bb3 Nd2 0-1

[Event "SRB-chT 1st League CS"]
[Site "Banja Vrujci"]
[Date "2022.10.08"]
[Round "10.2"]
[White "Radosavljevic, Slobodan D"]
[Black "Nestorovic, Dejan"]
[Result "0-1"]
[WhiteElo "2069"]
[BlackElo "2303"]
[PlyCount "92"]
[EventDate "2022.10.01"]
[EventType "team-tourn"]
[EventRounds "11"]
[EventCountry "SRB"]
[SourceTitle "CBM 210 Extra"]
[Source "ChessBase"]
[SourceDate "2022.11.30"]
[SourceVersion "1"]
[SourceVersionDate "2022.11.30"]
[SourceQuality "1"]
[WhiteTeam "Jagodina Kablovi"]
[BlackTeam "Kraljevo Sloga"]
[WhiteTeamCountry "SRB"]
[BlackTeamCountry "SRB"]

1. e4 c5 2. Nf3 e6 3. d4 cxd4 4. c3 Nf6 5. e5 Nd5 6. cxd4 d6 7. a3 Bd7 8. Bd3 Bc6 9. 0-0 Nd7 10. Re1 Be7 11. exd6 Bxd6 12. Nc3 Be7 13. Bd2 0-0 14. Ne4 N5f6 15. Ng3 Qb6 16. Bc3 Rfe8 17. Nd2 Rac8 18. Nc4 Qc7 19. Ne5 g6 20. Qe2 Nxe5 21. dxe5 Nd5 22. Bd2 Red8 23. Rac1 Qb6 24. Bh6 a6 25. Ne4 Qd4 26. Nd6 Bxd6 27. exd6 Rxd6 28. Rc4 Qf6 29. h4 Qe7 30. Rg4 Rcd8 31. Bc4 Nf6 32. Bg5 h6 33. Be3 Nxg4 34. Qxg4 h5 35. Qg3 Rd1 36. Rxd1 Rxd1+ 37. Kh2 Qd6 38. Bf4 Qd4 39. Be2 Re1 40. Be5 Qd8 41. Bc7 Qd7 42. Bxh5 Kh7 43. Bf4 gxh5 44. Qg5 Qd5 45. Qh6+ Kg8 46. f3 Re2 0-1

[Event "SRB-chT 1st League CS"]
[Site "Banja Vrujci"]
[Date "2022.10.07"]
[Round "9.4"]
[White "Nestorovic, Dejan"]
[Black "Vlajkovic, Stanko"]
[Result "1-0"]
[WhiteElo "2303"]
[BlackElo "2207"]
[PlyCount "91"]
[EventDate "2022.10.01"]
[EventType "team-tourn"]
[EventRounds "11"]
[EventCountry "SRB"]
[SourceTitle "CBM 210 Extra"]
[Source "ChessBase"]
[SourceDate "2022.11.30"]
[SourceVersion "1"]
[SourceVersionDate "2022.11.30"]
[SourceQuality "1"]
[WhiteTeam "Kraljevo Sloga"]
[BlackTeam "Arandjelovac"]
[WhiteTeamCountry "SRB"]
[BlackTeamCountry "SRB"]

1. d4 Nf6 2. c4 e6 3. Nf3 d5 4. Nc3 Be7 5. Bg5 0-0 6. e3 Nbd7 7. cxd5 exd5 8. Bd3 c6 9. Qc2 Re8 10. h3 Nf8 11. Bf4 Bd6 12. Bxd6 Qxd6 13. 0-0-0 b5 14. Kb1 a5 15. Rc1 a4 16. g4 Ba6 17. Ne5 N6d7 18. Nxd7 Qxd7 19. Ne2 b4 20. Nf4 Bb7 21. Qc5 b3 22. a3 Qd8 23. Qb4 Re7 24. g5 Rc7 25. h4 Nd7 26. Qd6 Nb6 27. Qxd8+ Rxd8 28. Rc3 Ra8 29. Rhc1 g6 30. Bb5 Ra5 31. Bxc6 Ba6 32. Rc5 Rxc5 33. Rxc5 Bc4 34. Bb5 Rb7 35. Bxc4 Nxc4 36. Kc1 Nd6 37. Nxd5 f5 38. f3 Kf7 39. Kd2 Ke6 40. Nc3 h6 41. Re5+ Kd7 42. Kd3 hxg5 43. hxg5 Rc7 44. Rc5 Ra7 45. Rd5 Ke6 46. Rxd6+ 1-0

[Event "SRB-chT 1st League CS"]
[Site "Banja Vrujci"]
[Date "2022.10.05"]
[Round "7.4"]
[White "Nestorovic, Dejan"]
[Black "Begus, Drasko"]
[Result "1/2-1/2"]
[WhiteElo "2303"]
[BlackElo "2310"]
[PlyCount "58"]
[EventDate "2022.10.01"]
[EventType "team-tourn"]
[EventRounds "11"]
[EventCountry "SRB"]
[SourceTitle "CBM 210 Extra"]
[Source "ChessBase"]
[SourceDate "2022.11.30"]
[SourceVersion "1"]
[SourceVersionDate "2022.11.30"]
[SourceQuality "1"]
[WhiteTeam "Kraljevo Sloga"]
[BlackTeam "Krupanj"]
[WhiteTeamCountry "SRB"]
[BlackTeamCountry "SRB"]

1. d4 Nf6 2. c4 d6 3. Nc3 g6 4. e4 Bg7 5. Be2 0-0 6. Be3 Na6 7. Nf3 e5 8. d5 Nc5 9. Nd2 a5 10. h4 Nfd7 11. g4 Nb6 12. Qc2 c6 13. 0-0-0 cxd5 14. exd5 f5 15. g5 Bd7 16. Bxc5 dxc5 17. Nb5 Bxb5 18. cxb5 Qd6 19. Nc4 Nxc4 20. Bxc4 e4 21. Kb1 b6 22. h5 Rae8 23. Rde1 Re7 24. Rh3 Rfe8 25. a3 Bd4 26. hxg6 hxg6 27. Reh1 Bg7 28. Qc3 Re6 29. Qc2 R6e7 1/2-1/2

[Event "SRB-chT 1st League CS"]
[Site "Banja Vrujci"]
[Date "2022.10.04"]
[Round "5.3"]
[White "Nestorovic, Dejan"]
[Black "Radojicic, Aleksandar M"]
[Result "1-0"]
[WhiteElo "2303"]
[BlackElo "2192"]
[PlyCount "83"]
[EventDate "2022.10.01"]
[EventType "team-tourn"]
[EventRounds "11"]
[EventCountry "SRB"]
[SourceTitle "CBM 210 Extra"]
[Source "ChessBase"]
[SourceDate "2022.11.30"]
[SourceVersion "1"]
[SourceVersionDate "2022.11.30"]
[SourceQuality "1"]
[WhiteTeam "Kraljevo Sloga"]
[BlackTeam "Paracin OSK"]
[WhiteTeamCountry "SRB"]
[BlackTeamCountry "SRB"]

1. g3 d5 2. Bg2 e5 3. c4 d4 4. d3 Nf6 5. Nf3 Nc6 6. 0-0 Bd6 7. e3 0-0 8. exd4 exd4 9. a3 a5 10. Bg5 h6 11. Bxf6 Qxf6 12. Nbd2 Be7 13. Re1 Bf5 14. Ne4 Qg6 15. Qc2 Rfe8 16. Re2 Bd7 17. Rae1 f5 18. Ned2 Bf6 19. c5 Qf7 20. Nc4 Rxe2 21. Rxe2 Re8 22. Rxe8+ Qxe8 23. Qb3 Be6 24. Nfd2 Ne5 25. Qc2 Nxc4 26. Nxc4 Qb5 27. Qe2 Bxc4 28. dxc4 Qd7 29. Qd3 c6 30. b4 axb4 31. axb4 Qe6 32. Bf3 Qe5 33. Kg2 Be7 34. Qa3 Qb8 35. b5 b6 36. bxc6 bxc5 37. Bd5+ Kh7 38. Qd3 Qe5 39. f4 Qc7 40. Qxf5+ Kh8 41. Qf7 Qd8 42. c7 1-0

[Event "SRB-chT 1st League CS"]
[Site "Banja Vrujci"]
[Date "2022.10.03"]
[Round "3.2"]
[White "Nestorovic, Dejan"]
[Black "Kostic, Vladimir G"]
[Result "1/2-1/2"]
[WhiteElo "2303"]
[BlackElo "2190"]
[PlyCount "36"]
[EventDate "2022.10.01"]
[EventType "team-tourn"]
[EventRounds "11"]
[EventCountry "SRB"]
[SourceTitle "CBM 210 Extra"]
[Source "ChessBase"]
[SourceDate "2022.11.30"]
[SourceVersion "1"]
[SourceVersionDate "2022.11.30"]
[SourceQuality "1"]
[WhiteTeam "Kraljevo Sloga"]
[BlackTeam "Valjevo 2005"]
[WhiteTeamCountry "SRB"]
[BlackTeamCountry "SRB"]

1. d4 d5 2. c4 e6 3. Nf3 c5 4. cxd5 exd5 5. g3 Nc6 6. Bg2 Nf6 7. 0-0 cxd4 8. Nxd4 Bc5 9. Nb3 Bb6 10. Nc3 d4 11. Na4 0-0 12. Nxb6 axb6 13. Bg5 h6 14. Bxf6 Qxf6 15. Bxc6 bxc6 16. Qxd4 Rd8 17. Qxf6 gxf6 18. Rfd1 Rxd1+ 1/2-1/2

[Event "Djenovici TS03 IM May"]
[Site "Djenovici"]
[Date "2022.05.26"]
[Round "6"]
[White "Nestorovic, Dejan"]
[Black "Jahncke, Giso"]
[Result "1-0"]
[WhiteElo "2321"]
[BlackElo "2321"]
[PlyCount "79"]
[EventDate "2022.05.21"]
[EventType "tourn"]
[EventRounds "9"]
[EventCountry "MNE"]
[EventCategory "1"]
[SourceTitle "EXT 2023"]
[Source "ChessBase"]
[SourceDate "2022.10.05"]
[SourceVersion "1"]
[SourceVersionDate "2022.10.05"]
[SourceQuality "1"]

1. d4 Nf6 2. c4 g6 3. Nc3 Bg7 4. e4 d6 5. h3 0-0 6. Be3 Na6 7. Bd3 e5 8. d5 Nd7 9. a3 f5 10. g4 Nac5 11. Bc2 fxe4 12. Nxe4 Rf4 13. Nxc5 dxc5 14. Bxf4 exf4 15. Rb1 Ne5 16. Qe2 b5 17. cxb5 Bb7 18. Be4 Qd6 19. Nf3 Nf7 20. 0-0 Re8 21. Qd3 Rxe4 22. Qxe4 Bxd5 23. Qe8+ Qf8 24. Qxf8+ Kxf8 25. Nd2 f3 26. Rfe1 Nd6 27. a4 c4 28. Re3 Bh6 29. Rxf3+ Kg7 30. Re3 Bf4 31. Rbe1 h5 32. Nb1 hxg4 33. hxg4 Kf6 34. Nc3 Ba8 35. f3 Kg5 36. Kf2 Nf7 37. Re8 Bb7 38. Rb8 Nd6 39. Re6 Bc1 40. Rxd6 1-0

[Event "SRB-chT 1st League CS"]
[Site "Bajina Basta"]
[Date "2021.10.03"]
[Round "11.3"]
[White "Rabrenovic, Vladan"]
[Black "Nestorovic, Dejan"]
[Result "0-1"]
[WhiteElo "2317"]
[BlackElo "2319"]
[PlyCount "86"]
[EventDate "2021.09.26"]
[EventType "team-tourn"]
[EventRounds "11"]
[EventCountry "SRB"]
[SourceTitle "EXT 2023"]
[Source "ChessBase"]
[SourceDate "2022.10.05"]
[SourceVersion "1"]
[SourceVersionDate "2022.10.05"]
[SourceQuality "1"]
[WhiteTeam "Cacak Borac"]
[BlackTeam "Kraljevo Sloga"]
[WhiteTeamCountry "SRB"]
[BlackTeamCountry "SRB"]

1. d4 Nf6 2. c4 e6 3. Nc3 Bb4 4. g3 0-0 5. Bg2 d6 6. Qb3 Nc6 7. Nf3 Qe7 8. 0-0 Bxc3 9. Qxc3 a5 10. b3 Re8 11. a3 e5 12. d5 Nb8 13. Bb2 Nbd7 14. Nd2 Nc5 15. e4 Bd7 16. f4 b5 17. fxe5 dxe5 18. cxb5 Bxb5 19. Rf5 Nfd7 20. a4 Ba6 21. Ba3 Qd6 22. Qxa5 Be2 23. Qc3 Qb6 24. Qe3 Nxa4 25. Qxb6 Naxb6 26. Bf1 Bxf1 27. Rfxf1 Ra7 28. Bb4 Rea8 29. Rac1 Rb7 30. d6 cxd6 31. Bxd6 Nc8 32. Rc6 Nxd6 33. Rxd6 h6 34. Rc1 Nf6 35. Rc5 Ra2 36. h3 Rb2 37. g4 Ra7 38. Rxe5 Raa2 39. g5 hxg5 40. Rxg5 Nxe4 41. Rd8+ Kh7 42. Rgd5 Rxd2 43. Rxd2 Rxd2 0-1

[Event "SRB-chT 1st League CS"]
[Site "Bajina Basta"]
[Date "2021.10.01"]
[Round "8.3"]
[White "Nestorovic, Dejan"]
[Black "Mladenovic, Stefan"]
[Result "1-0"]
[WhiteElo "2319"]
[BlackElo "2308"]
[PlyCount "167"]
[EventDate "2021.09.26"]
[EventType "team-tourn"]
[EventRounds "11"]
[EventCountry "SRB"]
[SourceTitle "EXT 2023"]
[Source "ChessBase"]
[SourceDate "2022.10.05"]
[SourceVersion "1"]
[SourceVersionDate "2022.10.05"]
[SourceQuality "1"]
[WhiteTeam "Kraljevo Sloga"]
[BlackTeam "Nis Nais"]
[WhiteTeamCountry "SRB"]
[BlackTeamCountry "SRB"]

1. d4 Nf6 2. c4 e6 3. Nf3 b6 4. a3 Ba6 5. Qc2 d5 6. cxd5 exd5 7. Bg5 Bd6 8. Nc3 c6 9. Bxf6 Qxf6 10. e4 Bxf1 11. Rxf1 0-0 12. 0-0-0 Nd7 13. Kb1 Qh6 14. exd5 Rac8 15. Qd3 cxd5 16. Nxd5 Qe6 17. Ng5 Qh6 18. Ne4 Rfe8 19. Ndf6+ Nxf6 20. Nxd6 Qxh2 21. Nxc8 Rxc8 22. Qh3 Qxh3 23. gxh3 Nd5 24. Rfe1 g6 25. h4 h5 26. Re5 Rd8 27. Kc2 Kg7 28. Kd3 Kf6 29. Rc1 Rd7 30. Rc6+ Kg7 31. Rc8 Ne7 32. Re8 Nf5 33. d5 Kf6 34. f4 Nxh4 35. Kc4 Nf5 36. Kb5 Rc7 37. Rd8 Rc5+ 38. Ka6 Rc4 39. d6 Rd4 40. d7 Ng7 41. Kxa7 Ne6 42. Rh8 Rxd7+ 43. Kxb6 Nxf4 44. Re1 Kg7 45. Rc8 Rd3 46. b4 Rxa3 47. b5 Nd5+ 48. Kb7 Rb3 49. Rc5 Nf4 50. Rf1 Ne6 51. Rd5 h4 52. b6 h3 53. Kc6 Rc3+ 54. Kd6 Rb3 55. Kc6 Rc3+ 56. Kb5 Rb3+ 57. Ka5 Ra3+ 58. Kb4 Ra2 59. Rd7 Rb2+ 60. Ka5 h2 61. Rfxf7+ Kh6 62. Rh7+ Kg5 63. b7 Nf4 64. Rd1 Nh5 65. Rc7 Kh6 66. Ka6 Ng3 67. Rcc1 h1Q 68. Rxh1+ Nxh1 69. Rxh1+ Kg5 70. Rh8 Kf4 71. Rf8+ Ke4 72. Rg8 Kf5 73. b8Q Rxb8 74. Rxb8 g5 75. Kb5 g4 76. Kc4 Ke4 77. Re8+ Kf3 78. Kd3 g3 79. Rf8+ Kg2 80. Ke2 Kh1 81. Kf3 g2 82. Rh8+ Kg1 83. Rg8 Kh1 84. Kf2 1-0

[Event "Belgrade Serbia op"]
[Site "Belgrade"]
[Date "2021.07.06"]
[Round "6"]
[White "Raja, Harshit"]
[Black "Nestorovic, Dejan"]
[Result "1-0"]
[WhiteElo "2484"]
[BlackElo "2350"]
[PlyCount "37"]
[EventDate "2021.07.02"]
[EventType "swiss"]
[EventRounds "9"]
[EventCountry "SRB"]
[SourceTitle "CBM 203 Extra"]
[Source "ChessBase"]
[SourceDate "2021.09.30"]
[SourceVersion "1"]
[SourceVersionDate "2021.09.30"]
[SourceQuality "1"]

1. e4 c5 2. Nf3 e6 3. d4 cxd4 4. Nxd4 a6 5. Bd3 Nf6 6. 0-0 Qc7 7. Qe2 d6 8. c4 Nbd7 9. f4 Be7 10. Nc3 b6 11. Bd2 Bb7 12. Kh1 h5 13. b4 h4 14. Rac1 Rc8 15. Rfe1 Rh5 16. Nd5 Qb8 17. Bc3 Bd8 18. Nxe6 fxe6 19. Nxf6+ 1-0

[Event "Belgrade Serbia op"]
[Site "Belgrade"]
[Date "2021.07.05"]
[Round "5"]
[White "Nestorovic, Dejan"]
[Black "Mehmed, Elif"]
[Result "1-0"]
[WhiteElo "2350"]
[BlackElo "2199"]
[PlyCount "113"]
[EventDate "2021.07.02"]
[EventType "swiss"]
[EventRounds "9"]
[EventCountry "SRB"]
[SourceTitle "CBM 203 Extra"]
[Source "ChessBase"]
[SourceDate "2021.09.30"]
[SourceVersion "1"]
[SourceVersionDate "2021.09.30"]
[SourceQuality "1"]

1. e4 c5 2. Nc3 d6 3. f4 Nc6 4. Nf3 g6 5. d4 cxd4 6. Nxd4 Bg7 7. Be3 Nf6 8. Be2 0-0 9. Nb3 Bd7 10. g4 Rc8 11. g5 Ne8 12. Qd2 Bh3 13. Rg1 Be6 14. h4 Na5 15. h5 Nc4 16. Bxc4 Bxc4 17. Rh1 Qc7 18. hxg6 fxg6 19. Nd5 Qd7 20. Qh2 Bxd5 21. exd5 Qg4 22. Nd4 Kf7 23. Kd2 Nc7 24. c4 Bxd4 25. Bxd4 Ke8 26. Raf1 Rf7 27. Qh3 Qxh3 28. Rxh3 e5 29. Be3 Kd7 30. Rfh1 exf4 31. Bd4 Rcf8 32. Rxh7 b5 33. b3 f3 34. Bxa7 bxc4 35. bxc4 Kc8 36. Rxf7 Rxf7 37. Be3 Na6 38. a3 Nc5 39. Bxc5 dxc5 40. Ke3 f2 41. Rf1 Rf5 42. Rxf2 Re5+ 43. Kd3 Rxg5 44. Rf6 Rg3+ 45. Ke4 Kd7 46. Rc6 Rg4+ 47. Kd3 Rg3+ 48. Kc2 Re3 49. Rxg6 Rf3 50. Rc6 Rh3 51. Rxc5 Kd6 52. Rc6+ Ke5 53. d6 Rh8 54. Kc3 Rd8 55. c5 Kd5 56. Rc7 Rb8 57. d7 1-0

[Event "Belgrade Serbia op"]
[Site "Belgrade"]
[Date "2021.07.03"]
[Round "3"]
[White "Nestorovic, Dejan"]
[Black "Kanov, Nikola"]
[Result "1-0"]
[WhiteElo "2350"]
[BlackElo "2140"]
[PlyCount "151"]
[EventDate "2021.07.02"]
[EventType "swiss"]
[EventRounds "9"]
[EventCountry "SRB"]
[SourceTitle "CBM 203 Extra"]
[Source "ChessBase"]
[SourceDate "2021.09.30"]
[SourceVersion "1"]
[SourceVersionDate "2021.09.30"]
[SourceQuality "1"]

1. d4 Nf6 2. c4 c5 3. d5 e6 4. Nc3 exd5 5. cxd5 d6 6. Nf3 g6 7. Bg5 h6 8. Bh4 g5 9. Bg3 Nh5 10. e4 Nxg3 11. hxg3 Bg7 12. Nd2 a6 13. a4 Nd7 14. Nc4 Ne5 15. Ne3 Qf6 16. Be2 Bd7 17. g4 0-0 18. a5 Rab8 19. 0-0 Rfe8 20. g3 Ng6 21. Nc4 Bb5 22. Nb6 Bxe2 23. Qxe2 Rbd8 24. Kg2 Qe7 25. Rae1 Bd4 26. Qd2 Qf6 27. f3 Kg7 28. Nd1 Ne5 29. Ne3 Bxe3 30. Rxe3 Nd7 31. Rb3 Nxb6 32. Rxb6 Rd7 33. Qc3 Qxc3 34. bxc3 f6 35. Kf2 Kg6 36. Rh1 Kg7 37. c4 Ree7 38. Re1 Rf7 39. f4 Kg6 40. Kf3 Kg7 41. Re2 Rf8 42. Ke3 Re8 43. Kd3 Ree7 44. e5 fxe5 45. fxe5 dxe5 46. Rh2 e4+ 47. Ke3 Rf7 48. Rbxh6 Rde7 49. Rh7+ Kg8 50. Rxf7 Kxf7 51. Rf2+ Kg6 52. Rf8 Rf7 53. Rg8+ Kf6 54. Kxe4 Re7+ 55. Kd3 Re1 56. Rf8+ Ke7 57. Rb8 Rb1 58. Ke4 Kf6 59. Rf8+ Ke7 60. Rc8 Kf6 61. Rxc5 Re1+ 62. Kf3 Rf1+ 63. Ke2 Ra1 64. Rc7 Ke5 65. Rxb7 Rxa5 66. Rg7 Kd4 67. Rc7 Ra2+ 68. Kf3 Ra3+ 69. Kg2 Ra2+ 70. Kh3 Rd2 71. d6 Ke5 72. c5 Ke6 73. Re7+ Kf6 74. Re1 Rd5 75. Rc1 Ke6 76. c6 1-0

[Event "Belgrade Serbia op"]
[Site "Belgrade"]
[Date "2021.07.02"]
[Round "1"]
[White "Nestorovic, Dejan"]
[Black "Korkmaz, Necmettin"]
[Result "1-0"]
[WhiteElo "2350"]
[BlackElo "2101"]
[PlyCount "37"]
[EventDate "2021.07.02"]
[EventType "swiss"]
[EventRounds "9"]
[EventCountry "SRB"]
[SourceTitle "CBM 203 Extra"]
[Source "ChessBase"]
[SourceDate "2021.09.30"]
[SourceVersion "1"]
[SourceVersionDate "2021.09.30"]
[SourceQuality "1"]

1. d4 d5 2. c4 e5 3. dxe5 d4 4. Nf3 Nc6 5. g3 Be6 6. Nbd2 Qd7 7. Bg2 Bh3 8. 0-0 Bxg2 9. Kxg2 Nge7 10. Nb3 Ng6 11. Nbxd4 Ncxe5 12. Qb3 0-0-0 13. Be3 Ng4 14. Nb5 Qe6 15. Bxa7 b6 16. Qa4 Kb7 17. Bb8 Qc6 18. Qa7+ Kc8 19. Bxc7 1-0

[Event "Vojvodina-chT 2nd League"]
[Site "Backa Palanka"]
[Date "2020.10.22"]
[Round "10.5"]
[White "Strbac, Mladen"]
[Black "Nestorovic, Dejan"]
[Result "1/2-1/2"]
[WhiteElo "2268"]
[BlackElo "2348"]
[PlyCount "20"]
[EventDate "2020.10.16"]
[EventType "team-tourn"]
[EventRounds "11"]
[EventCountry "SRB"]
[SourceTitle "EXT 2022"]
[Source "ChessBase"]
[SourceDate "2021.10.06"]
[SourceVersion "1"]
[SourceVersionDate "2021.10.06"]
[SourceQuality "1"]
[WhiteTeam "Krajisnik Krajina"]
[BlackTeam "Pancevo Gligoric"]
[WhiteTeamCountry "SRB"]
[BlackTeamCountry "SRB"]

1. e4 c5 2. Nc3 e6 3. Qe2 Nc6 4. Nf3 d6 5. d3 Nf6 6. g3 Be7 7. Bg2 0-0 8. 0-0 Bd7 9. h3 Rc8 10. Be3 a6 1/2-1/2

[Event "Battle of Senta op 24th"]
[Site "Senta"]
[Date "2020.07.17"]
[Round "8"]
[White "Pastar, Slaven"]
[Black "Nestorovic, Dejan"]
[Result "0-1"]
[WhiteElo "2323"]
[BlackElo "2339"]
[PlyCount "64"]
[EventDate "2020.07.11"]
[EventType "swiss"]
[EventRounds "9"]
[EventCountry "SRB"]
[SourceTitle "CBM 197 Extra"]
[Source "ChessBase"]
[SourceDate "2020.09.30"]
[SourceVersion "1"]
[SourceVersionDate "2020.09.30"]
[SourceQuality "1"]

1. d4 Nf6 2. c4 e6 3. Nf3 Bb4+ 4. Nbd2 d5 5. Qa4+ Nc6 6. a3 Be7 7. Qc2 0-0 8. e3 Nb8 9. b4 Nbd7 10. Bb2 a5 11. c5 c6 12. b5 cxb5 13. Bxb5 Qc7 14. 0-0 Nb8 15. Ne5 Nfd7 16. f4 f5 17. Rf3 Nf6 18. Rh3 Bd7 19. Bd3 Nc6 20. Ndf3 Nxe5 21. Nxe5 Ne4 22. g4 Bf6 23. gxf5 exf5 24. Rf1 Be6 25. Rc1 Rac8 26. Rf3 Qe7 27. Rff1 Bxe5 28. fxe5 Qg5+ 29. Kh1 Qxe3 30. Rce1 Qh3 31. Rg1 Qxd3 32. Qg2 Rf7 0-1

[Event "Titled Tuesday intern op 21st April"]
[Site "Chess.com INT"]
[Date "2020.04.21"]
[Round "8"]
[White "Dziuba, Marcin"]
[Black "Nestorovic, Dejan"]
[Result "1/2-1/2"]
[WhiteElo "2585"]
[BlackElo "2339"]
[PlyCount "118"]
[EventDate "2020.04.21"]
[EventType "swiss (blitz)"]
[EventRounds "10"]
[EventCountry "USA"]
[SourceTitle "EXT 2021"]
[Source "ChessBase"]
[SourceDate "2020.10.23"]
[SourceVersion "1"]
[SourceVersionDate "2020.10.23"]
[SourceQuality "1"]

1. Nf3 Nf6 2. e3 e6 3. b3 d5 4. Bb2 Bd6 5. c4 0-0 6. Nc3 a6 7. Qc2 c5 8. cxd5 exd5 9. d4 Nc6 10. dxc5 Bxc5 11. Be2 d4 12. exd4 Nxd4 13. Nxd4 Qxd4 14. 0-0 Qf4 15. Nd5 Nxd5 16. Qxc5 Be6 17. Bf3 Rfd8 18. Rfd1 Rac8 19. Qd4 Qxd4 20. Rxd4 Rd7 21. Rad1 Rcd8 22. h4 h6 23. Kh2 b5 24. Rc1 Ne7 25. Rxd7 Rxd7 26. Rd1 Rxd1 27. Bxd1 f6 28. g4 Kf7 29. Kg3 g5 30. h5 f5 31. gxf5 Bxf5 32. f4 Ng8 33. fxg5 hxg5 34. Bf3 Nf6 35. h6 Ne4+ 36. Kg2 Kg6 37. Bg7 g4 38. Be2 Ng5 39. Kg3 Ne6 40. Bxg4 Bxg4 41. Kxg4 Nxg7 42. hxg7 Kxg7 43. Kf5 Kf7 44. Ke5 Ke7 45. Kd5 Kd7 46. Kc5 Kc7 47. b4 Kb7 48. Kd6 Kb6 49. Kd7 Kb7 50. a3 Kb6 51. Kc8 a5 52. Kd7 axb4 53. axb4 Kb7 54. Kd6 Kb6 55. Kd5 Kb7 56. Kc5 Kc7 57. Kd5 Kb7 58. Kd6 Kb6 59. Kd5 Kb7 1/2-1/2

[Event "Titled Tuesday intern op 21st April"]
[Site "Chess.com INT"]
[Date "2020.04.21"]
[Round "3"]
[White "Nestorovic, Dejan"]
[Black "Hakemi, Arman"]
[Result "1-0"]
[WhiteElo "2339"]
[BlackElo "2316"]
[PlyCount "65"]
[EventDate "2020.04.21"]
[EventType "swiss (blitz)"]
[EventRounds "10"]
[EventCountry "USA"]
[SourceTitle "EXT 2021"]
[Source "ChessBase"]
[SourceDate "2020.10.23"]
[SourceVersion "1"]
[SourceVersionDate "2020.10.23"]
[SourceQuality "1"]

1. d4 Nf6 2. c4 e6 3. Nc3 Bb4 4. Nf3 0-0 5. Bg5 c5 6. Rc1 cxd4 7. Nxd4 b6 8. a3 Be7 9. e3 Bb7 10. Bd3 h6 11. Bh4 Nc6 12. 0-0 Ne5 13. Be2 Rc8 14. Ndb5 a6 15. Nd6 Bxd6 16. Qxd6 Nxc4 17. Bxc4 Rxc4 18. Bxf6 gxf6 19. Rfd1 Rg4 20. g3 Bc6 21. Ne2 Qa8 22. Nd4 Bh1 23. Kf1 Bg2+ 24. Ke1 b5 25. Rc7 Bd5 26. Rxd7 Bc4 27. b3 Bd5 28. Rc1 Be4 29. Rcc7 Bg6 30. Nxe6 Qh1+ 31. Ke2 Qb1 32. Qxf8+ Kh7 33. Qg7# 1-0

[Event "Titled Tuesday intern op 7th April"]
[Site "Chess.com INT"]
[Date "2020.04.07"]
[Round "5"]
[White "Bjerre, Jonas Buhl"]
[Black "Nestorovic, Dejan"]
[Result "0-1"]
[WhiteElo "2549"]
[BlackElo "2339"]
[PlyCount "94"]
[EventDate "2020.04.07"]
[EventType "swiss (blitz)"]
[EventRounds "10"]
[EventCountry "USA"]
[SourceTitle "EXT 2021"]
[Source "ChessBase"]
[SourceDate "2020.10.23"]
[SourceVersion "1"]
[SourceVersionDate "2020.10.23"]
[SourceQuality "1"]

1. e4 c5 2. Nf3 e6 3. d4 cxd4 4. Nxd4 Bc5 5. Nb3 Bb6 6. Nc3 Ne7 7. Be2 0-0 8. 0-0 Nbc6 9. Bf4 f5 10. Qd2 fxe4 11. Nxe4 d5 12. Nc3 e5 13. Bg5 Be6 14. Rad1 h6 15. Bh4 d4 16. Ne4 Qd5 17. Bd3 Nf5 18. Bg3 Nxg3 19. hxg3 Bf5 20. Qe2 Qd7 21. a3 Kh8 22. Nbd2 Qe7 23. g4 Bh7 24. Ng3 Bxd3 25. cxd3 Qg5 26. Nde4 Qf4 27. Nh5 Qf7 28. g5 Qg6 29. gxh6 gxh6 30. g4 Rf7 31. f3 Rg8 32. Nhg3 Ne7 33. Rf2 Nd5 34. Rh2 Bd8 35. Kf2 Bg5 36. Rdh1 Be3+ 37. Ke1 Kh7 38. g5 Bxg5 39. Nxg5+ Qxg5 40. Rxh6+ Kg7 41. Ne4 Qc1+ 42. Kf2 Qf4 43. Rh7+ Kf8 44. Rxf7+ Kxf7 45. Rh7+ Kf8 46. Qc2 Qe3+ 47. Kf1 Rg1# 0-1

[Event "Titled Tuesday intern op 7th April"]
[Site "Chess.com INT"]
[Date "2020.04.07"]
[Round "4"]
[White "Nestorovic, Dejan"]
[Black "Claridge Hansen, William"]
[Result "1-0"]
[WhiteElo "2339"]
[BlackElo "2290"]
[PlyCount "87"]
[EventDate "2020.04.07"]
[EventType "swiss (blitz)"]
[EventRounds "10"]
[EventCountry "USA"]
[SourceTitle "EXT 2021"]
[Source "ChessBase"]
[SourceDate "2020.10.23"]
[SourceVersion "1"]
[SourceVersionDate "2020.10.23"]
[SourceQuality "1"]

1. d4 Nf6 2. c4 e6 3. Nf3 b6 4. Nc3 Bb4 5. Bg5 Bb7 6. Rc1 h6 7. Bh4 0-0 8. e3 d6 9. Bd3 Nbd7 10. 0-0 e5 11. Nd2 Bxc3 12. Rxc3 Qe7 13. Bf5 Bc8 14. Be4 Rb8 15. Bc6 g5 16. Bg3 Kg7 17. f4 gxf4 18. Bh4 Qe6 19. d5 Qg4 20. Qe1 Nc5 21. exf4 exf4 22. b4 Nce4 23. Nxe4 Nxe4 24. Qxe4 Qxh4 25. Rg3+ Kh8 26. Rxf4 Qh5 27. Qe3 Qe5 28. Qf2 Qa1+ 29. Qf1 Qxf1+ 30. Rxf1 f5 31. h3 f4 32. Rg6 Kh7 33. Re6 Bxe6 34. dxe6 Rbe8 35. Bxe8 Rxe8 36. Rxf4 Re7 37. Rf1 Kg6 38. g4 Rxe6 39. Rf5 Re2 40. Rf4 Rxa2 41. h4 a5 42. bxa5 bxa5 43. c5 dxc5 44. Rc4 1-0

[Event "Belgrade Vucicevic Memorial"]
[Site "Belgrade"]
[Date "2019.12.22"]
[Round "12"]
[White "Milanovic, Danilo"]
[Black "Nestorovic, Dejan"]
[Result "1-0"]
[WhiteElo "2456"]
[BlackElo "2339"]
[PlyCount "65"]
[EventDate "2019.12.22"]
[EventType "swiss (blitz)"]
[EventRounds "13"]
[EventCountry "SRB"]
[SourceTitle "CBM 194 Extra"]
[Source "ChessBase"]
[SourceDate "2020.03.31"]
[SourceVersion "1"]
[SourceVersionDate "2020.03.31"]
[SourceQuality "1"]

1. d4 Nf6 2. c4 e6 3. Nc3 Bb4 4. e3 0-0 5. Bd3 d5 6. cxd5 exd5 7. Nge2 c6 8. 0-0 Re8 9. f3 b6 10. a3 Bf8 11. b4 a5 12. b5 c5 13. Bd2 Bb7 14. g4 g6 15. Ng3 Bg7 16. Nce2 cxd4 17. exd4 Nfd7 18. Qc1 Nf8 19. Bh6 Nbd7 20. Bxg7 Kxg7 21. Qd2 Rc8 22. g5 Ne6 23. h4 Qe7 24. f4 Nef8 25. Rf3 f5 26. Bxf5 Rc7 27. Bd3 Qd6 28. f5 Bc8 29. Raf1 Kg8 30. h5 gxh5 31. Nxh5 Qxa3 32. f6 Rd8 33. Bxh7+ 1-0